Un altro mondo

Kaydedildi:
Detaylı Bibliyografya
Yazar: Baldwin James
Materyal Türü: Kitap
Dil:Bilinmeyen Dil
Baskı/Yayın Bilgisi: Firenze Le Lettere 2004
Etiketler: Etiketle
Etiket eklenmemiş, İlk siz ekleyin!

MARC

LEADER 00000nam a2200000Ia 4500
001 349
003 NUMERAZIONE-ORIGINALE-BRESCIA
005 20260206230752.0
008 260206s9999 xx 000 0 und d
100 |a Baldwin James 
245 0 |a Un altro mondo 
260 |a Firenze 
260 |b Le Lettere 
260 |c 2004 
500 |a Pan narrativa 
942 |2 ddc  |c BK  |n 0 
952 |0 0  |1 0  |2 ddc  |4 0  |6 23  |7 0  |9 28546  |a BS  |b BS  |d 2026-02-06  |i 349  |l 0  |o 2-3-*  |r 2026-02-06 22:40:37  |w 2026-02-06  |x [REVISIONARE]  |y BK 
999 |c 24213  |d 24213